000 01019nam0a2200277 4500
001 RU\NLR\BIBL_A\010676392
005 20260406050748.0
010 _a5-88345-015-6
_930000
035 _a(NLR Aleph) 010676392
090 _a9628270
_c9628270
100 _a20150219d1996 |||y0rusy50 ca
101 0 _arus
102 _aRU
105 _aa z 000yy
200 1 _aПермская кухня
_fС.С. Субботин
210 _aПермь
_cТОО "Типография "Книга"
_d1996
215 _a317 с.
_cил., цв. ил.
_d13
300 _aНа обл. авт. не указан
606 1 _aУральская кухня
_yПермский край
_92100974
_3RU\NLR\AUTH\661270656
686 1 _aЛ997(2)Пермская
700 1 _8rus
_7ca
_aСубботин
_bС. С.
_gСергей Сергеевич
_3RU\NLR\AUTH\776186
_9116141
852 _aNLR
_j97-1/267
942 _cBOOK
980 _aNB